Nambiarude rathnanghal (Record no. 16346)
[ view plain ]
| 000 -LEADER | |
|---|---|
| fixed length control field | 00222nam a22000977a 4500 |
| 003 - CONTROL NUMBER IDENTIFIER | |
| control field | OSt |
| 008 - FIXED-LENGTH DATA ELEMENTS--GENERAL INFORMATION | |
| fixed length control field | 200923b ||||| |||| 00| 0 eng d |
| 245 ## - TITLE STATEMENT | |
| Title | Nambiarude rathnanghal |
| 260 ## - PUBLICATION, DISTRIBUTION, ETC. (IMPRINT) | |
| Name of publisher | Kerala sahithya academy |
| 942 ## - ADDED ENTRY ELEMENTS (KOHA) | |
| Koha item type | Books |
| Withdrawn status | Lost status | Damaged status | Home library | Current library | Date acquired | Cost, normal purchase price | Accession Number | Koha item type |
|---|---|---|---|---|---|---|---|---|
| Withdrawn | KAUAET | KAUAET | 23/09/2020 | 7.50 | 9504 | Books |
